000 00930nam a2200229Ia 4500
001 A940-35639
003 IT-CnALBA
008 170116s9999||||xx |||||||||||||| ||und||
040 _aIT-CnALBA
_cIT-CnALBA
041 _aLATINO
100 _aLIVIO TITO
245 0 _aTITI LIVII PATAVINI HISTORIARUM ROMANARUM TOMUS III. EXERCITATIONES RHETORICAE.
250 _a1a ed.
260 _aTORINO
_bREGIA TYPOGRAPHIA OFFICINA.
_c1750 [1° Ed.:1750 - Ed.Ling.Originale: 1750]
300 _a510 p.
500 _aQUARTA DECADE. STORIA ROMANA DALLA FONDAZIONE DI ROMA. IV DECADE. RIASSUNTI DI LUIGI FLORIO. LIBRI I X.
501 _aSocietà San Paolo EM - Piazza San Paolo, 14 - 12051 ALBA (CN) (non commercial uses only) ® Copyright 2017
520 _aQUARTA DECADE. STORIA ROMANA DALLA FONDAZIONE DI ROMA. IV DECADE. RIASSUNTI DI LUIGI FLORIO. LIBRI I X.
650 _aSTORIA ANTICA
942 _cBK
957 _71
999 _a40403
_bSI
_g Copie: 1
_c294466
_d294466